02357nam a2200373 a 4500001001200000003000800012006001900020007001500039008004100054010001700095020003800112020004200150020002700192040002100219035002100240050002500261082001400286100002000300245014500320260005900465300002500524504005100549505090100600533015201501650004501653650001601698650003601714655002901750700002101779700002301800710001701823856012601840999001701966ebr10728355CaPaEBRm o u cr cn|||||||||130329s2014 enka sb 001 0 eng d z 2013006406 z9781405162142 (pbk. : alk. paper) z9781405162135 (hardback : alk. paper) z9781118587898 (e-book) aCaPaEBRcCaPaEBR a(OCoLC)85456906414aHM1271b.J656 2013eb04a305.82231 aJones, James M.14aThe psychology of diversityh[electronic resource] :bbeyond prejudice and racism /cJames M. Jones, John F. Dovidio, and Deborah L. Vietze. aChichester ;aMalden, Mass. :bWiley Blackwell,c2014. axvii, 407 p. :bill. aIncludes bibliographical references and index.0 aPreface -- Framing diversity -- The psychology of diversity: challenges and benefits -- Central concepts in the psychology of diversity -- Historical perspectives on diversity in the United States -- Psychological processes -- Personality and individual differences : how different types of people respond to diversity in different ways -- Social cognition and categorization : distinguishing "us" from "them" -- Social identity, roles, and relations : motivational influences in responses to diversity -- Is bias in the brain? -- Coping and adapting to stigma and difference -- Intergroup interactions : pitfalls and promises -- Culture, power, and institutions -- Cultural diversity : preferences, meaning and difference -- Social roles and power in a diverse society -- The challenge of diversity for institutions -- The psychology of diversity : principles and prospects -- Glossary -- Index. aElectronic reproduction.bPalo Alto, Calif. :cebrary,d2013.nAvailable via World Wide Web.nAccess may be limited to ebrary affiliated libraries. 0aMulticulturalismxPsychological aspects. 0aPrejudices. 0aStereotypes (Social psychology) 7aElectronic books.2local1 aDovidio, John F.1 aVietze, Deborah L.2 aebrary, Inc.40uhttp://site.ebrary.com/lib/rucke/Doc?id=10728355zAn electronic book accessible through the World Wide Web; click to view c37873d37873